01176cam a22003255i 450000100090000000300090000900500170001800800410003502000180007602000150009404000430010908200200015210000370017224500660020925000200027525000340029526400590032926400100038830000440039833600260044233700280046833800270049650400520052365000510057565300340062665500170066094200120067799900170068995201440070614529548EG-ScBUE20250812092938.0060831t2006 gw a f b 001 0 eng d a9783527313723 a3527313729 aEG-ScBUEbengerdacEG-ScBUEdEG-ScBUE04a543.84bMEY2221 aMeyer, Veronika,939132eauthor.10aPitfalls and errors of HPLC in pictures /cVeronika R. Meyer. aSecond edition. aRevised and enlarged edition. 1aWeinheim : bWiley-VCH Verlag GmbH & Co. KGaA,c[2006] 4cc2006 axi, 188 pages :billustrations ;c24 cm 2rdacontentatextbtxt 2rdamediaaunmediatedbn 2rdacarrieravolumebnc aIncludes bibliographical references and index.  7aHigh performance liquid chromatography.2BUEsh bENGGENcJune2015cJanuary2016 vReading book 2ddccBB c20059d20031 00102ddc40708ScientificaMAINbMAINc1STd2015-06-29ePurchaseg540.00h1091l0o543.84 MEYp000039198r2025-07-15 00:00:00v675.00yBB